| 000 | 00927nam a22001817a 4500 | ||
|---|---|---|---|
| 999 |
_c59209 _d59209 |
||
| 003 | Ge_BSU | ||
| 005 | 20221214123228.0 | ||
| 008 | 221214s1971ge xxu||||| |||| 00| 0 geo d | ||
| 041 | _ageo | ||
| 080 | _a908(479.22) დ-15 | ||
| 100 |
_aდავითაშვილი, მიხეილ, ავტ. _916400 |
||
| 245 |
_aრეპორტაჟი საქართველოდან : _b[საქართველოს ნამყო, აწყმო და მომავალი] / _c მიხეილ დავითაშვილი, რედ. შ.ნემსაძე |
||
| 264 |
_aთბილისი : _bსაბჭოთა საქართველო, _c1971. |
||
| 300 |
_a419 გვ. ; _b20 სმ. |
||
| 653 | _aსაქართველოს მხარეთმცოდნეობა. | ||
| 700 |
_aნემსაძე, შ _eრედაქტორი _916401 |
||
| 942 |
_2udc _cBK |
||